01097njm a22002537a 450000500170000000600190001700700150003600800410005102800340009203500130012604000130013910000220015224500850017424600890025926000450034830000920039350000170048550000470050250502240054960000230077365000290079670000150082570000030084020100913152710.0a|||||r|||||00| 0 sd ammalaaahaa100907t xxu||||| |||| 00| 0 hin d aECLP 2269bHis Master's Voice aGR-02152 aSEDcSED aBanerjee, Pratima aBhajans of meera / cby Pratima Banerjee ; lyrics by J.P.Goshh[Sound Recording] aभजन्स ऑफ़ मीरा / प्रतिमा बनर्जी  aDum Dum, IndiabHis Master's Voicecn.d. a1 sound disc [Gramophone Record] :banalog, 33.1/3 rpmc12 in. (LP)fGramophone Records aBrief record aRecords Labels : His Master's Voice, Black aSide-1 मैं तो लियो पिया मोल (Main to liyo piya mol) (Pratima Banerjee) -- Side-2 एरी मैं तो प्रेम दीवानी (Eree mai to prem diwani) (Pratima Banerjee) aBanerjee, Pratima  aBhajansxExcerptszIndia aGosh, J.P.